000 00503nam a2200181Ia 4500
005 20250508152904.0
008 008 250505s9999 xx 000 0 eng d
037 _aTextual
040 _aFEDL
_beng
_cFEDL
041 _aeng
_2eng
084 _a355.440945085, BRA
_qFEDL
100 _aBradford Ernle
_9762661
245 0 _aGreat siege
260 _aLondon, UK
_bHodder and Stoughton
_c1961
300 _a256p.
942 _cTEXL
_h355.440945085, BRA
999 _c1339428
_d1339428